banner koha

Doses e epocas de aplicacao de fertilizante nitrogenado para milho em latossolo da Amazonia central (Registro n. 139063)

MARC details
000 -LÍDER
campo de controle de tamanho fixo 00999nas a2200301 4500
001 - NÚMERO DE CONTROLE
campo de controle BR9211866
003 - IDENTIFICADOR DO NÚMERO DE CONTROLE
campo de controle BR-BrBNA
005 - DATA E HORÁRIO DA ÚLTIMA TRANSAÇÃO
campo de controle 20231205093534.0
007 - CAMPO FIXO DE DESCRIÇÃO FÍSICA--INFORMAÇÃO GERAL
campo de controle de tamanho fixo ta
008 - CAMPO DE DADOS FIXOS--INFORMAÇÃO GERAL
campo de controle de tamanho fixo 230509b bl.|||p| |||| 00| 00por d
040 ## - FONTE DA CATALOGAÇÃO
Instituição da catalogação original BR-BrBNA
Idioma da catalogação por
Instituição que transcreveu o registro Biblioteca Nacional de Agricultura
041 ## - CÓDIGO DE IDIOMA
Código do idioma do texto/trilha sonora ou título diferente (Pt)
072 ## - CÓDIGO DE CATEGORIA DE ASSUNTO
Código de Categoria de Assunto F04
100 1# - ENTRADA PRINCIPAL--NOME PESSOAL
Nome pessoal Melgar, R.J.
100 1# - ENTRADA PRINCIPAL--NOME PESSOAL
Nome pessoal Smyth, T.J.
100 1# - ENTRADA PRINCIPAL--NOME PESSOAL
Nome pessoal Cravo, M.S.
100 1# - ENTRADA PRINCIPAL--NOME PESSOAL
Nome pessoal Sanchez, P.A.
245 1# - TÍTULO
Título Doses e epocas de aplicacao de fertilizante nitrogenado para milho em latossolo da Amazonia central
246 1# - FORMA VARIANTE DO TÍTULO
Título/título abreviado Fertilizer nitrogen rates, timing and distribution for corn grown on an oxisol in the central Amazon, Brazil
650 ## - ASSUNTO--TERMO TÓPICO
Cabeçalho tópico ou nome geográfico MILHO
650 ## - ASSUNTO--TERMO TÓPICO
Cabeçalho tópico ou nome geográfico FERTILIZANTE NITROGENADO
650 ## - ASSUNTO--TERMO TÓPICO
Cabeçalho tópico ou nome geográfico ABSORCAO
650 ## - ASSUNTO--TERMO TÓPICO
Cabeçalho tópico ou nome geográfico LATOSSOLO
650 ## - ASSUNTO--TERMO TÓPICO
Cabeçalho tópico ou nome geográfico AMAZONIA
773 0# - ENTRADA ANALÍTICA
Título Revista Brasileira de Ciencia do Solo (Brazil)
ISSN - International Standard Serial Number ISSN 0100-0683
Partes relacionadas (Sep-Dec 1991), v. 15(3) p. 289-296
Número de controle do registro BR9211866
909 ## -
-- 202311
-- Lúcia
-- 55
-- Lúcia Elande
942 ## - ELEMENTOS DE ENTRADA ADICIONADOS (KOHA)
Fonte da classificação ou esquema de arquivamento na estante Classificação AGRIS
Ocultar no OPAC Não
Tipo de material Koha Analítica
Exemplares
Situação do descarte Fonte da classificação ou esquema de arquivamento na estante Situação física Não pode ser emprestado Biblioteca de origem Biblioteca atual Localização na estante Enumeração do periódico / cronologia Total de empréstimos Data de último acesso Número do exemplar Tipo de material Koha Fonte de aquisição
  Classificação AGRIS   Consulta local Biblioteca Nacional de Agricultura - Binagri Biblioteca Nacional de Agricultura - Binagri   (Sep-Dec 1991), v. 15(3) p. 289-296   29/11/2023 01 Periódicos Portaria Interministerial nº 164/94

BINAGRI

Telefone: (61)3218-2567/2388/3357/2097 - binagri@agro.gov.br

Ministério da Agricultura e Pecuária , Esplanada dos Ministérios, Bloco D, Anexo B, Brasília/DF, CEP: 70.043-900